000
00215nam a2200109Ia 4500
100
_a
#N/A
942
_c
BK
245
_a
DigitJan 2013 SKOAR! The Interactive edn
260
_b
#N/A
546
_a
ENGLISH
999
_c
30486
_d
30486